101 ways to help preschoolers excel in reading, writing, and speaking / (Record no. 19285)

000 -LEADER
fixed length control field 00845cam a2200217 i 4500
020 ## - INTERNATIONAL STANDARD BOOK NUMBER
ISBN 9781578865598 (hbk. : alk. paper)
020 ## - INTERNATIONAL STANDARD BOOK NUMBER
ISBN 157886559X (hbk. : alk. paper)
020 ## - INTERNATIONAL STANDARD BOOK NUMBER
ISBN 9781578865758 (pbk. : alk. paper)
020 ## - INTERNATIONAL STANDARD BOOK NUMBER
ISBN 1578865751 (pbk. : alk. paper)
040 ## - CATALOGING SOURCE
Transcribing agency DLC
082 00 - DEWEY DECIMAL CLASSIFICATION NUMBER
Classification number 372 KRO 1991 C162 Or.
100 1# - MAIN ENTRY--AUTHOR NAME
Personal name DePino, Catherine.
245 10 - TITLE STATEMENT
Title 101 ways to help preschoolers excel in reading, writing, and speaking /
246 3# - VARYING FORM OF TITLE
Title proper/short title One hundred one ways to help preschoolers excel in reading, writing, and speaking
246 3# - VARYING FORM OF TITLE
Title proper/short title One hundred and one ways to help preschoolers excel in reading, writing, and speaking
300 ## - PHYSICAL DESCRIPTION
Number of Pages xiii, 144 pages ;
Dimensions 24 cm
650 #0 - SUBJECT ADDED ENTRY--TOPICAL TERM
Topical Term Language arts (Preschool)
650 #0 - SUBJECT ADDED ENTRY--TOPICAL TERM
Topical Term Education, Preschool
856 41 - ELECTRONIC LOCATION AND ACCESS
Uniform Resource Identifier http://catdir.loc.gov/catdir/toc/ecip075/2006036668.html
942 ## - ADDED ENTRY ELEMENTS (KOHA)
Koha item type ADB
952 ## - LOCATION AND ITEM INFORMATION (KOHA)
Withdrawn status [LOCAL, KOHA] 0
Holdings
Source of acquisition Permanent Location Date acquired Koha item type Lost status Shelving location Barcode Current Location Full call number
A37577Library Block C2020-09-07សៀវភៅភាសាអង់គ្លេស C337A37577Library Block C372 KRO 1991 C337 Or.
មជ្ឈមណ្ឌលឯការនៃសាកលវិទ្យាល័យភូមិន្ទកសិកម្មចំការដូង

Powered by Koha